| 000 | 00689cam a2200157 4500 | ||
|---|---|---|---|
| 001 | WB3535-02 | ||
| 008 | 000000n1999 000 0 eng u | ||
| 035 | _a(Sirsi) u102631 | ||
| 245 | _aBetter use of IT encouraged. | ||
| 260 | _c1999 | ||
| 490 |
_aDETR News Release _v(866) 7 September 1999 (2) |
||
| 520 | _aGovernment has launched 'IT in construction best practice programme' to promote the business benefits of IT to the building and construction sector. For further information and to register interest in the programme contact: Ruth Silverberg, tel: 020 7379 3322. | ||
| 650 | _aMANAGEMENT-BUSINESS MANAGEMENT-INFORMATION MANAGEMENT | ||
| 690 | _aBUILT ENVIRONMENT | ||
| 942 | _n0 | ||
| 999 |
_c61626 _d61626 |
||